<?xml version="1.0" encoding="UTF-8"?>
<collection xmlns="http://www.loc.gov/MARC21/slim">
 <record>
  <leader>00579nam a22001695a 4500</leader>
  <controlfield tag="001">EHU.bham013780</controlfield>
  <controlfield tag="003">AR-BHAM</controlfield>
  <controlfield tag="005">20100304201737.0</controlfield>
  <controlfield tag="008">130507s1961##################000#0#####d</controlfield>
  <datafield tag="082" ind1="9" ind2="3">
   <subfield code="a">937</subfield>
  </datafield>
  <datafield tag="100" ind1="1" ind2=" ">
   <subfield code="a">Gibbon, Edward</subfield>
  </datafield>
  <datafield tag="245" ind1="1" ind2="0">
   <subfield code="a">The decline and fall of the roman empire. tomo 3 /</subfield>
   <subfield code="c">Edward Gibbon</subfield>
  </datafield>
  <datafield tag="260" ind1=" " ind2=" ">
   <subfield code="a">London-new York :</subfield>
   <subfield code="b">Dent-dutton,</subfield>
   <subfield code="c">1961</subfield>
  </datafield>
  <datafield tag="500" ind1=" " ind2=" ">
   <subfield code="a">Introd. By Christopher Dawson</subfield>
  </datafield>
  <datafield tag="653" ind1=" " ind2=" ">
   <subfield code="a">Historia antigua-roma</subfield>
  </datafield>
  <datafield tag="653" ind1=" " ind2=" ">
   <subfield code="a">Libro de escasa demanda</subfield>
  </datafield>
  <datafield tag="859" ind1=" " ind2=" ">
   <subfield code="a">AR-BHAM</subfield>
   <subfield code="b">BIB. HUMANIDADES - Lectura de escasa demanda</subfield>
   <subfield code="h">937</subfield>
   <subfield code="i">G352</subfield>
   <subfield code="p">884.64</subfield>
   <subfield code="t">Ej.1</subfield>
   <subfield code="v">III LED1372</subfield>
   <subfield code="3">III</subfield>
  </datafield>
 </record>
</collection>
